| 000 | 00473 a2200157 4500 | ||
|---|---|---|---|
| 005 | 20250613065521.0 | ||
| 020 | _a978-0-357-67461-1 | ||
| 082 | _a001.64 PAR | ||
| 111 | _aPearson | ||
| 245 | _aComputer Concepts: Comprehensive | ||
| 250 | _a21st Ed. | ||
| 260 |
_aNew York, _bCengage Learning, _c2023. |
||
| 300 |
_axvii, 956p.: ill.; figure, picture, table. _bGlossary, index. _c28cm. |
||
| 856 |
_yAccess online book _fComputer Concepts _dwww.cengage.com |
||
| 942 |
_2ddc _cBKS |
||
| 999 |
_c3923 _d3923 |
||